| 000 | 00643nam a2200205Ia 4500 | ||
|---|---|---|---|
| 003 | GCL | ||
| 008 | 140319s9999 xx 000 0 ara d | ||
| 040 |
_aGCL / _cGCL |
||
| 082 | 0 | 4 |
_a796.83 _bع م |
| 100 | 1 | _aعبدالفتاح فتحى خضر | |
| 245 | 1 | 0 |
_aالمرجع فى الملاكمة / _cعبدالفتاح فتحى خضر |
| 300 | _a330 ص | ||
| 490 |
_aالهيئة العامة للاستعلامات _v0 |
||
| 650 | 0 | 4 | _aالالعاب الرياضية |
| 650 | 0 | 4 | _aالمصارعة |
| 650 | 0 | 4 | _aالملاكمة |
| 650 | 0 | 4 | _aالدفاع عن النفس |
| 650 | 0 | 4 | _aالملاكمة - تدريب |
| 942 |
_2ddc _cBK |
||
| 999 |
_c38455 _d38455 |
||